| 000 | 00949nam a22002777a 4500 | ||
|---|---|---|---|
| 001 | 8795 | ||
| 003 | FISKH | ||
| 005 | 20251021105151.0 | ||
| 008 | 251021b cb ||||| |||| 00| 0 eng d | ||
| 020 | _a9781556617188 | ||
| 040 |
_aFISKH _beng _cFISKH _dFISKH |
||
| 050 | _a PZ7.R2727 T | ||
| 082 | _a218 | ||
| 100 | _aReid, Mary Carpenter | ||
| 245 |
_aTwin trouble / _cBy Mary Carpenter Reid |
||
| 260 |
_aMinnesota : _bBethany House Publishers , _c1997. |
||
| 300 |
_a80 pages : _billustrations ; _c19 cm . |
||
| 490 |
_aBackpack Mystery _v4 |
||
| 505 | _aR | ||
| 520 | _aWhile visiting their cousins Belinda and Melinda, who work at a camping resort and tell people about Jesus, Steff and her younger sister Paulie investigate a theft and other suspicious occurrences. | ||
| 521 | 8 |
_a700
_bLexile estimate |
|
| 521 | 8 |
_aR
_bRaz-Plus |
|
| 700 |
_aTurnbaugh, Paul _eIllustrator |
||
| 942 |
_2ddc _cBK _n0 |
||
| 999 |
_c8795 _d8795 |
||